000 00693cam a2200229 4500
001 ABS64381
008 010912n2001 000 0 eng u
035 _a(Sirsi) u114545
110 _aInstitution of Fire Engineers
_94124
245 _aFire prevention
260 _c2001
490 _aFire Engineers' Journal
_v61(214) September 2001, LOAN
520 _aSeries of articles on fire prevention, covering standards, legislation, materials and systems.
590 _aABS
650 _aFIRE LEGISLATION
650 _aFIRE PREVENTION
650 _aFIRE ENGINEERS
650 _aFIRE STANDARDS
650 _aFIRE FIGHTING PROVISIONS
690 _aHealth and safety
_96244
942 _n0
999 _c68248
_d68248